Использование гидролизного лигнина в производстве древесных плит; Вопросы комплексной переработки растительного сырья

書誌詳細
Parent link:Вопросы комплексной переработки растительного сырья.— 1988.— С. 99-104
第一著者: Казарновский А. М.
その他の著者: Крогиус М. Э., Липцев Н. В.
言語:ロシア語
出版事項: 1988
シリーズ:Переработка лигнина
フォーマット: MixedMaterials 図書の章
KOHA link:https://koha.lib.tpu.ru/cgi-bin/koha/opac-detail.pl?biblionumber=197211

MARC

LEADER 00000naa2a2200000 4500
001 197211
005 20231031183341.0
035 |a (RuTPU)RU\TPU\book\215114 
035 |a RU\TPU\book\215113 
090 |a 197211 
100 |a 20110607d1988 k y0rusy50 ca 
101 0 |a rus 
102 |a RU 
200 1 |a Использование гидролизного лигнина в производстве древесных плит  |f А. М. Казарновский, М. Э. Крогиус, Н. В. Липцев 
225 1 |a Переработка лигнина 
320 |a Библиогр.: с. 104 (12 назв.) 
463 0 |0 (RuTPU)RU\TPU\book\215083  |t Вопросы комплексной переработки растительного сырья  |f Всесоюзный научно-исследовательский институт гидролиза растительных материалов (ВНИИГидролиз) ; отв. ред. Ю. А. Цирлин  |v С. 99-104  |d 1988  |p 129,[1] с.  |s Сборник трудов Всесоюзного научно-исследовательского института гидролиза растительных материалов (ВНИИГидролиз) ; Вып. 37 
700 1 |a Казарновский  |b А. М. 
701 1 |a Крогиус  |b М. Э. 
701 1 |a Липцев  |b Н. В. 
801 1 |a RU  |b 63413507  |c 20110606 
801 2 |a RU  |b 63413507  |c 20110607  |g RCR 
942 |c BK